| 000 | 00469nam a2200157Ia 4500 | ||
|---|---|---|---|
| 008 | 151021s9999 xx 000 0 und d | ||
| 020 | _a132573393 | ||
| 050 | _aT 56 .R544 1997 | ||
| 245 | _a_Quantitative Analysis for Management (6th ed.) / Barry Render | ||
| 260 | _aNew Jersey : Prentice Hall, 1997 | ||
| 300 | _axxiii,840 p. | ||
| 500 | _aIncludes index | ||
| 650 | _a_Management Science | ||
| 700 | _a_Ralph M. Stair | ||
| 980 | _a^d20120802 10:20:26^oanne | ||
| 999 |
_c9153 _d9153 |
||